| 000 | 00463nam a22001697a 4500 | ||
|---|---|---|---|
| 003 | OSt | ||
| 005 | 20260423030904.0 | ||
| 008 | 260423b |||||||| |||| 00| 0 eng d | ||
| 020 | _a97189-7038-x. | ||
| 040 |
_aDWC-Main Lib. _cOC |
||
| 082 | _aRes. 398.24 P113 1997 | ||
| 100 | _aSilverio, Julio F. | ||
| 245 |
_aMga pabula ng ating bansa/ _cJulio F. Silverio |
||
| 260 | _bM&L Licudine Ent. | ||
| 300 |
_a81 p. ; _c18 cm. |
||
| 942 |
_2ddc _cBK-0 CIRC _hRes. _n0 |
||
| 999 |
_c9767 _d9767 |
||